Statistiques concernant les pokemon les plus lourds

Cliquez ici pour prendre le quiz!

Statistiques générales

  • Ce quiz a été pris 242 fois
    (23 depuis la dernière actualisation)
  • Le résultat moyen est 67 sur 221

Statistiques - réponses

HintRéponse% Correct
950.0kggroudon
80%
352.0kgkyogre
75%
210.0kgonix
75%
336.0kgpalkia
75%
659.0kgpalkia originelle
75%
683.0kgdialga
70%
848.7kgdialga originelle
70%
235.0kgleviator
70%
460.0kgronflex
70%
400.0kgsteelix
70%
360.0kggaleking
65%
750.0kggiratina alternative
65%
650.0kggiratina originelle
65%
320.0kgarceus
60%
100.0kgflorizarre
60%
175.0kgregice
60%
205.0kgregisteel
60%
210.0kgdracolosse
55%
550.0kgmetalosse
55%
420.0kgregigigas
55%
230.0kgregirock
55%
330.0kgreshiram
55%
398.0kgwailord
55%
345.0kgzekrom
55%
999.9kgcosmovum
50%
198.0kgentei
50%
300.0kggrolem
50%
316.0kggrolem d'alola
50%
325.0kgkyurem
50%
325.0kgkyurem blanc
50%
325.0kgkyurem noir
50%
216.0kglugia
50%
291.0kgmammochon
50%
178.0kgraikou
50%
206.5kgrayquaza
50%
282.8kgrhinastoc
50%
187.0kgsuicune
50%
310.0kgtorterra
50%
202.0kgtyranocif
50%
203.0kgyveltal
50%
305.0kgzygarde
50%
610.0kgzygarde parfaite
50%
820.0kgama-ama
45%
102.6kgdrattak
45%
199.0kgho-oh
45%
130.5kgmonaflemit
45%
120.0kgrhinoferos
45%
230.0kgsolgaleo
45%
105.5kgtranchodon
45%
215.0kgxerneas
45%
250.0kgcobaltium
40%
120.0kggalegon
40%
105.0kggravalanch
40%
110.0kggravalanch d'alola
40%
120.0kglunala
40%
180.0kgmagnezone
40%
122.0kgmewtwo
40%
350.0kgnecrozma aurore
40%
460.0kgnecrozma couchant
40%
260.0kgterrakium
40%
160.0kgtrioxhydre
40%
230.0kgultra necrozma
40%
125.8kgursaring
40%
155.0kgarcanin
35%
168.0kgarcanin de hisui
35%
999.9kgbamboiselle
35%
120.0kgdonphan
35%
888.0kgengloutyran
35%
950.0kgethernatos
35%
260.0kggigalithe
35%
330.0kggolemastoc
35%
430.0kgheatran
35%
303.0kgkoraidon
35%
130.0kgmackogneur
35%
162.0kgmilobellus
35%
340.0kgmiraidon
35%
333.6kgmouscoto
35%
230.0kgnecrozma
35%
200.0kgregidrago
35%
115.0kgrhinocorne
35%
340.0kgtarinorme
35%
200.0kgviridium
35%
130.0kgwailmer
35%
355.0kgzacian epee supreme
35%
110.0kgzacian hero aguerri
35%
785.0kgzamazenta bouclier supreme
35%
210.0kgzamazenta hero aguerri
35%
920.0kgbourrinos
30%
100.0kgcablifere
30%
220.0kgcamerupt
30%
303.0kgépine-de-fer
30%
253.8kghariyama
30%
150.6kgkaimorse
30%
150.0kgmandrillon
30%
202.5kgmetang
30%
110.0kgnoacier
30%
380.7kgpaume-de-fer
30%
999.7kgprimo groudon
30%
145.0kgregieleki
30%
150.0kgroitiflam
30%
168.0kgseleroc
30%
505.0kgseracrawl
30%
262.4kgseracrawl de hisui
30%
154.0kgsolaroc
30%
290.0kgursaking
30%
152.0kgymphect
30%
187.0kgarcheodong
25%
700.0kgbalbaleze
25%
149.5kgbastiodon
25%
800.0kgblizzeval
25%
156.0kgchef-de-fer
25%
225.0kgdragmara
25%
102.0kggeolithe
25%
300.0kghippodocus
25%
108.0kgkaorine
25%
220.0kglokhlass
25%
320.5kgmega camerupt
25%
395.0kgmega galeking
25%
392.0kgmega rayquaza
25%
800.0kgmelmetal
25%
150.5kgmuplodocus
25%
334.1kgmuplodocus de hisui
25%
106.6kgnoctunoir
25%
650.0kgpachyradjah
25%
430.0kgprimo kyogre
25%
162.5kgroc-de-fer
25%
100.5kgsilvallie
25%
210.0kgsinistrail
25%
809.1kgsylveroy cavalier du froid
25%
111.0kgtêtes-de-fer
25%
125.0kgvert-de-fer
25%
195.0kgvolcanion
25%
135.5kgblizzaroi
20%
128.6kgbouldeneu
20%
212.0kgboumata
20%
102.5kgcharkos
20%
118.0kgcizayox
20%
520.0kgdolman
20%
110.5kgdrackhaus
20%
138.6kgelekable
20%
590.0kgfeu-perçant
20%
125.8kgforetress
20%
320.0kgfort-ivoire
20%
210.0kgglaivodo
20%
105.0kggoinfrex
20%
490.0kghoopa dechaine
20%
480.0kgire-foudre
20%
120.0kglamantine
20%
112.6kgmega drattak
20%
102.0kgmega laggron
20%
942.9kgmega metalosse
20%
127.0kgmega mewtwo x
20%
100.5kgmeganium
20%
740.0kgmega steelix
20%
255.0kgmega tyranocif
20%
310.5kgmonthracite
20%
256.5kgoniglali
20%
260.0kgpolagriffe
20%
270.0kgrexillius
20%
240.0kgroue-de-fer
20%
380.0kgrugit-lune
20%
120.0kgscalpereur
20%
108.0kgspiritomb
20%
110.0kgtiboudet
20%
250.0kgtrepassable
20%
120.5kgtype: 0
20%
200.5kgbrutapode
15%
100.0kgcharibari
15%
140.0kgcoudlangue
15%
699.7kgdinglu
15%
139.0kgdrakkarmin
15%
112.8kgforgelina
15%
150.0kggalvagla
15%
190.0kggalvagon
15%
148.0kghexagel
15%
175.0kghydragla
15%
215.0kghydragon
15%
185.0kgmega blizzaroi
15%
110.5kgmega dracaufeu x
15%
305.0kgmega leviator
15%
350.2kgmega oniglali
15%
130.3kgmega sharpedo
15%
161.0kgmega tenefix
15%
107.3kgmiasmax
15%
120.0kgnoadkoko
15%
415.6kgnoadkoko d'alola
15%
220.0kgoyacata
15%
110.0kgparagruel
15%
108.0kgsarmurai
15%
280.0kgserpente-eau
15%
115.5kgtorgamord
15%
100.0kgtropius
15%
113.0kgampibidou
10%
152.2kgbaojian
10%
135.0kgchelours
10%
180.0kgcrabominable
10%
132.5kgcrustabri
10%
120.0kgdarumacho de galar
10%
220.0kgdemanta
10%
310.0kgferdeter
10%
326.5kgflamigator
10%
240.0kggigansel
10%
152.0kghyporoi
10%
125.0kgmega cizayox
10%
100.5kgmega dracaufeu y
10%
120.0kgmega flagadoss
10%
155.5kgmega florizarre
10%
100.0kgmega kangourex
10%
101.0kgmega tortank
10%
135.0kgmoyade
10%
117.0kgpalarticho
10%
136.0kgpandarbare
10%
120.0kgscolocendre
10%
105.0kgshifours
10%
120.0kgvrombotor
10%
105.0kgamassel
5%
200.0kgcrabaraque
5%
185.0kgdraieul
5%
160.0kgfarigiraf
5%
120.0kgfragroin
5%
223.0kgterraiste
5%

Distribution des résultats

Percentile par nombre de réponses

% des personnes avec chaque résultat

Votre développement - résultats

Vous n’avez pas pris ce quiz depuis la dernière actualisation